[Event "Queenstown op"]
[Site "Queenstown"]
[Date "2006.01.24"]
[Round "10"]
[White "Ali, Mosaddeque"]
[Black "Guthrie, Aaron"]
[Result "0-1"]
[WhiteElo "2038"]
[BlackElo "2257"]
[PlyCount "76"]
[EventDate "2006.01.15"]
[EventType "swiss"]
[EventRounds "10"]
[EventCountry "NZL"]
[SourceTitle "CBM 110 Extra"]
[Source "ChessBase"]
[SourceDate "2006.03.10"]
[SourceVersion "2"]
[SourceVersionDate "2006.03.10"]
[SourceQuality "1"]

1. f4 c5 2. Nf3 Nf6 3. g3 b6 4. Bg2 Bb7 5. d3 d5 6. 0-0 g6 7. Qe1 Bg7 8. Na3 0-0 9. c3 Nbd7 10. h3 a6 11. g4 Qc7 12. Nh4 d4 13. e4 dxe3 14. Bxe3 Bxg2 15. Nxg2 Nd5 16. Bd2 Rae8 17. Qf2 f5 18. Qf3 e6 19. gxf5 Rxf5 20. Nh4 Rf7 21. Rae1 b5 22. Nc2 c4 23. d4 a5 24. Qg4 N7f6 25. Qg5 Qd6 26. Kh1 Qf8 27. a3 Bh6 28. Qg2 Kh8 29. f5 gxf5 30. Nf3 Bxd2 31. Qxd2 Ne4 32. Qh2 Rg7 33. Rxe4 fxe4 34. Nd2 Qe7 35. Nxe4 Rf8 36. Rg1 Rfg8 37. Qe5 Qh4 38. Ng5 Qf4 0-1

[Event "Elwood-ch"]
[Site "Elwood"]
[Date "2005.11.01"]
[Round "7"]
[White "Guthrie, Aaron"]
[Black "Froehlich, Peter"]
[Result "0-1"]
[WhiteElo "2257"]
[BlackElo "2360"]
[PlyCount "78"]
[EventDate "2005.10.29"]
[EventType "swiss"]
[EventRounds "7"]
[EventCountry "AUS"]
[SourceTitle "EXT 2006"]
[Source "ChessBase"]
[SourceDate "2005.11.24"]
[SourceVersion "1"]
[SourceVersionDate "2005.11.24"]
[SourceQuality "1"]

1. e4 c5 2. Nf3 a6 3. Nc3 e6 4. d4 cxd4 5. Nxd4 b5 6. g3 Bb7 7. Bg2 Nf6 8. 0-0 b4 9. Na4 Nxe4 10. Re1 d5 11. c4 bxc3 12. Nxc3 Bc5 13. Nxe4 dxe4 14. Bxe4 Bxe4 15. Rxe4 Qd5 16. Qa4+ Nd7 17. Ne2 0-0 18. Nc3 Qb7 19. Re2 Rfd8 20. Bg5 f6 21. Bf4 e5 22. Be3 Bxe3 23. Rxe3 Nf8 24. Rd1 Kh8 25. Red3 Rxd3 26. Rxd3 Qxb2 27. Qc6 Qb8 28. Ne4 Qc8 29. Qd5 Rb8 30. Rc3 Qh3 31. Rc1 h6 32. Qd6 Rc8 33. Rd1 Ne6 34. Qxa6 Nd4 35. Qd3 f5 36. Nd6 Rc3 37. Nf7+ Kh7 38. Nxe5 Rxd3 39. Rxd3 Ne2+ 0-1

[Event "Biel MTO op"]
[Site "Biel"]
[Date "2005.07.27"]
[Round "9"]
[White "Peschlow, Patrick"]
[Black "Guthrie, Aaron"]
[Result "1/2-1/2"]
[WhiteElo "2318"]
[BlackElo "2254"]
[PlyCount "77"]
[EventDate "2005.07.18"]
[EventType "swiss"]
[EventRounds "11"]
[EventCountry "SUI"]
[SourceTitle "CBM 107 Extra"]
[Source "ChessBase"]
[SourceDate "2005.09.01"]
[SourceVersion "1"]
[SourceVersionDate "2005.09.01"]
[SourceQuality "1"]

1. e4 c5 2. Nf3 Nc6 3. d4 cxd4 4. Nxd4 Nf6 5. Nc3 e5 6. Ndb5 d6 7. Bg5 a6 8. Na3 b5 9. Nd5 Qa5+ 10. Bd2 Qd8 11. c4 Nxe4 12. cxb5 Be6 13. Bc4 Ne7 14. Be3 Qa5+ 15. Kf1 Rb8 16. Rc1 Nf5 17. Qd3 Nc5 18. Bxc5 dxc5 19. bxa6 Bd6 20. Bb5+ Kf8 21. Nc3 Be7 22. Nc4 Qc7 23. a4 Rd8 24. Qe4 Nd4 25. Qb7 Qxb7 26. axb7 Bg5 27. Ne3 Nxb5 28. Nxb5 Rb8 29. Rxc5 Rxb7 30. Ke2 g6 31. Rhc1 Kg7 32. Rc7 Rbb8 33. R1c3 Bd8 34. R7c5 Ba5 35. Rc1 Bb3 36. Nc3 Bxc3 37. R1xc3 Bxa4 38. Nc4 Bb5 39. Rxe5 1/2-1/2

[Event "Oberwart op 27th"]
[Site "Oberwart"]
[Date "2005.07.14"]
[Round "6"]
[White "Kovacs, Gabor H"]
[Black "Guthrie, Aaron"]
[Result "1-0"]
[WhiteElo "2449"]
[BlackElo "2254"]
[PlyCount "55"]
[EventDate "2005.07.09"]
[EventType "swiss"]
[EventRounds "9"]
[EventCountry "AUT"]
[SourceTitle "CBM 107 Extra"]
[Source "ChessBase"]
[SourceDate "2005.09.01"]
[SourceVersion "1"]
[SourceVersionDate "2005.09.01"]
[SourceQuality "1"]

1. c4 c5 2. Nc3 b6 3. Nf3 Bb7 4. e4 Nf6 5. e5 Ng4 6. d4 Nc6 7. d5 Ncxe5 8. Nxe5 Nxe5 9. f4 Ng6 10. Bd3 e6 11. Qc2 Bd6 12. 0-0 Qe7 13. Be3 0-0 14. Rae1 Rae8 15. Qd1 exd5 16. cxd5 c4 17. Bxc4 Bc5 18. Bd4 Bxd4+ 19. Qxd4 Qxe1 20. Rxe1 Rxe1+ 21. Kf2 Ree8 22. f5 Ne7 23. f6 Nf5 24. Qf4 g6 25. Bd3 Kh8 26. g4 Nh4 27. Be4 g5 28. Qd6 1-0

[Event "Oberwart op 27th"]
[Site "Oberwart"]
[Date "2005.07.13"]
[Round "5"]
[White "Guthrie, Aaron"]
[Black "Klenburg, Mikhail"]
[Result "1-0"]
[WhiteElo "2254"]
[BlackElo "2400"]
[PlyCount "47"]
[EventDate "2005.07.09"]
[EventType "swiss"]
[EventRounds "9"]
[EventCountry "AUT"]
[SourceTitle "CBM 107 Extra"]
[Source "ChessBase"]
[SourceDate "2005.09.01"]
[SourceVersion "1"]
[SourceVersionDate "2005.09.01"]
[SourceQuality "1"]

1. e4 d6 2. d4 Nf6 3. Nc3 g6 4. f4 Bg7 5. Nf3 c5 6. Bb5+ Bd7 7. e5 Ng4 8. e6 Bxb5 9. exf7+ Kd7 10. dxc5 Bxc3+ 11. bxc3 Nc6 12. Ng5 Nf6 13. Rb1 Qa5 14. Qf3 h5 15. f5 d5 16. fxg6 Nd4 17. Qh3+ Ng4 18. Rxb5 Nxc2+ 19. Kd2 Qxb5 20. Kxc2 Qe2+ 21. Kb1 Qe5 22. Qd3 Kc6 23. Nf3 Qg7 24. Nd4+ 1-0

[Event "Australian op"]
[Site "Mount Buller"]
[Date "2005.01.04"]
[Round "7"]
[White "Guthrie, Aaron"]
[Black "Truscott, Anthony J"]
[Result "1-0"]
[WhiteElo "2170"]
[BlackElo "2045"]
[PlyCount "71"]
[EventDate "2004.12.28"]
[EventType "swiss"]
[EventRounds "11"]
[EventCountry "AUS"]
[SourceTitle "CBM 104 Extra"]
[Source "ChessBase"]
[SourceDate "2005.03.01"]
[SourceVersion "1"]
[SourceVersionDate "2005.03.01"]
[SourceQuality "1"]

1. e4 e5 2. Nf3 Nc6 3. Bc4 Bc5 4. b4 Bxb4 5. c3 Bc5 6. d4 exd4 7. 0-0 Be7 8. Qb3 Na5 9. Bxf7+ Kf8 10. Qa4 Kxf7 11. Qxa5 c6 12. Qf5+ Ke8 13. e5 Qa5 14. cxd4 d6 15. Qd3 d5 16. Nbd2 g6 17. Nb3 Qa4 18. e6 b6 19. Qe3 Nf6 20. Qe5 Rf8 21. Bg5 Ba6 22. Rfc1 Rc8 23. Bxf6 Rxf6 24. Ng5 h6 25. Nh7 Rf5 26. Qh8+ Bf8 27. Nxf8 Rxf8 28. Qg7 c5 29. Qxg6+ Kd8 30. e7+ Kxe7 31. Qg7+ Kd6 32. dxc5+ bxc5 33. Nxc5 Qf4 34. Qd7+ Ke5 35. Qe6+ Kd4 36. Nb3+ 1-0

[Event "Australian op"]
[Site "Mount Buller"]
[Date "2005.01.02"]
[Round "5"]
[White "Guthrie, Aaron"]
[Black "Wallis, Christopher"]
[Result "1-0"]
[WhiteElo "2170"]
[BlackElo "2051"]
[PlyCount "95"]
[EventDate "2004.12.28"]
[EventType "swiss"]
[EventRounds "11"]
[EventCountry "AUS"]
[SourceTitle "CBM 104 Extra"]
[Source "ChessBase"]
[SourceDate "2005.03.01"]
[SourceVersion "1"]
[SourceVersionDate "2005.03.01"]
[SourceQuality "1"]

1. e4 c5 2. Nf3 Nc6 3. d4 cxd4 4. Nxd4 Nf6 5. Nc3 e5 6. Ndb5 d6 7. Bg5 a6 8. Na3 b5 9. Bxf6 gxf6 10. Nd5 f5 11. Bxb5 axb5 12. Nxb5 Ra4 13. Nbc7+ Kd7 14. 0-0 Rxe4 15. Qh5 Ne7 16. Qxf7 Kc6 17. c4 Qd7 18. Qh5 Nxd5 19. Nxd5 Rd4 20. Qf3 Qf7 21. Rad1 Rxd1 22. Rxd1 Kd7 23. Nb6+ Kc7 24. Nxc8 Kxc8 25. Qa8+ Kd7 26. c5 Ke6 27. Qa6 Qc7 28. Qc4+ Kf6 29. Qh4+ Kg6 30. Qg3+ Kf6 31. Qh4+ Kg6 32. Qc4 Kf6 33. c6 Be7 34. b4 Rb8 35. b5 Qb6 36. Qh4+ Ke6 37. Qh6+ Bf6 38. Qxh7 Be7 39. Qg6+ Bf6 40. Qh7 Be7 41. Qh6+ Bf6 42. Qd2 Qc5 43. a4 d5 44. Rc1 Qa3 45. c7 Rc8 46. Rc6+ Ke7 47. h3 Qb3 48. Qh6 1-0

[Event "Australian op"]
[Site "Mount Buller"]
[Date "2004.12.28"]
[Round "1"]
[White "Guthrie, Aaron"]
[Black "Murray, Russell"]
[Result "1-0"]
[WhiteElo "2170"]
[BlackElo "1933"]
[PlyCount "35"]
[EventDate "2004.12.28"]
[EventType "swiss"]
[EventRounds "11"]
[EventCountry "AUS"]
[SourceTitle "CBM 104 Extra"]
[Source "ChessBase"]
[SourceDate "2005.03.01"]
[SourceVersion "1"]
[SourceVersionDate "2005.03.01"]
[SourceQuality "1"]

1. e4 d5 2. exd5 Qxd5 3. Nc3 Qa5 4. d4 Nf6 5. Bc4 Bf5 6. Bd2 c6 7. Qe2 Bxc2 8. d5 Qd8 9. Bf4 Bf5 10. Rd1 Nbd7 11. Nf3 g6 12. Ng5 Bg7 13. dxc6 bxc6 14. Nxf7 Qa5 15. Nxh8 Bxh8 16. h3 h5 17. 0-0 Kf8 18. Bh6+ 1-0

[Event "AUS-ch reserves"]
[Site "Adelaide"]
[Date "2004.01.08"]
[Round "9.24"]
[White "Sonter, Matthew"]
[Black "Guthrie, Aaron"]
[Result "1-0"]
[WhiteElo "1794"]
[BlackElo "1927"]
[PlyCount "41"]
[EventDate "2003.12.??"]
[EventType "swiss"]
[EventRounds "11"]
[EventCountry "AUS"]
[SourceTitle "EXT 2005"]
[Source "ChessBase"]
[SourceDate "2004.11.15"]
[SourceVersion "1"]
[SourceVersionDate "2004.11.15"]
[SourceQuality "1"]

1. e4 c5 2. Nf3 e6 3. d4 cxd4 4. Nxd4 d6 5. Nc3 a6 6. f4 Nf6 7. Qf3 Qb6 8. Nb3 Nc6 9. Bd3 Qc7 10. g4 b5 11. g5 Nd7 12. Be3 Bb7 13. Qh3 b4 14. Ne2 Ne7 15. 0-0-0 0-0-0 16. Kb1 Nc5 17. Ng3 Kb8 18. Rhe1 g6 19. Bd4 Rg8 20. Nxc5 e5 21. Nxb7 1-0

[Event "AUS-ch reserves"]
[Site "Adelaide"]
[Date "2004.01.04"]
[Round "6.25"]
[White "Guthrie, Aaron"]
[Black "Ly, Moulthun"]
[Result "1-0"]
[WhiteElo "1927"]
[BlackElo "1646"]
[PlyCount "81"]
[EventDate "2003.12.??"]
[EventType "swiss"]
[EventRounds "11"]
[EventCountry "AUS"]
[SourceTitle "EXT 2005"]
[Source "ChessBase"]
[SourceDate "2004.11.15"]
[SourceVersion "1"]
[SourceVersionDate "2004.11.15"]
[SourceQuality "1"]

1. e4 c5 2. Nf3 Nc6 3. d4 cxd4 4. Nxd4 g6 5. Nc3 Bg7 6. Be3 Nf6 7. Nxc6 bxc6 8. e5 Nd5 9. Nxd5 cxd5 10. Qxd5 Rb8 11. Bc4 e6 12. Qc5 Bb7 13. 0-0-0 Rc8 14. Qb4 Qc7 15. Bb3 Bxg2 16. Rhg1 Bf3 17. Ba4 Bc6 18. Bg5 Bf8 19. Qd4 Bxa4 20. Qxa4 Qc6 21. Qb3 Bg7 22. f4 0-0 23. Rd6 Qe4 24. Qd3 Qa4 25. a3 f6 26. Rd4 Qc6 27. Bxf6 Bxf6 28. exf6 Rxf6 29. Rxd7 Rb8 30. Qd4 Rc8 31. c3 Rf7 32. Rxf7 Kxf7 33. Qxa7+ Rc7 34. Qe3 Qc4 35. Rd1 Qa2 36. Qb6 Qc4 37. Qd4 Qa2 38. Qb4 Kf6 39. Qf8+ Rf7 40. Qh8+ Rg7 41. Rd7 1-0

[Event "Adelaide Interclub"]
[Site "Adelaide"]
[Date "2004.??.??"]
[Round "8"]
[White "Goldsmith, Alan"]
[Black "Guthrie, Aaron"]
[Result "0-1"]
[WhiteElo "2130"]
[BlackElo "2000"]
[PlyCount "108"]
[EventDate "2004.??.??"]
[EventType "team"]
[EventRounds "9"]
[EventCountry "AUS"]
[SourceTitle "EXT 2007"]
[Source "ChessBase"]
[SourceDate "2006.11.23"]
[SourceVersion "1"]
[SourceVersionDate "2006.11.23"]
[SourceQuality "1"]

1. d4 d5 2. c4 dxc4 3. Nf3 Nf6 4. e3 e6 5. Bxc4 c5 6. 0-0 Nc6 7. Qe2 cxd4 8. exd4 Be7 9. Rd1 0-0 10. Nc3 Na5 11. Bd3 b6 12. Ne4 Bb7 13. Neg5 Qd5 14. b4 Bxb4 15. Rb1 Bd6 16. Rb5 Qc6 17. Nxh7 Nxh7 18. Bxh7+ Kxh7 19. Rh5+ Kg8 20. d5 Qc4 21. Qd2 Bf4 22. Qxf4 Qxf4 23. Bxf4 Bxd5 24. Nd4 Bxa2 25. Rd3 Rfd8 26. Bc7 Rdc8 27. Nb5 Nb7 28. f4 Bc4 29. Rdh3 f6 30. Nxa7 Rxa7 31. Rh8+ Kf7 32. Rxc8 Ra1+ 33. Kf2 Ra2+ 34. Ke1 Nc5 35. Rd8 Rxg2 36. Bxb6 Re2+ 37. Kd1 Ne4 38. Rd7+ Kg6 39. Rc7 Bb5 40. Re3 Nf2+ 41. Kc1 Nd3+ 42. Kb1 Rb2+ 43. Ka1 Rxh2 44. Rg3+ Kf5 45. Bg1 Re2 46. Rcxg7 Nxf4 47. Rb7 Bc4 48. Be3 Nd5 49. Bd4 Ke4 50. Bc3 f5 51. Rb2 f4 52. Rxe2+ Bxe2 53. Rh3 Nxc3 54. Rxc3 f3 0-1

[Event "AUS-ch reserves"]
[Site "Adelaide"]
[Date "2003.12.29"]
[Round "1.25"]
[White "Donnelly, Philip W"]
[Black "Guthrie, Aaron"]
[Result "0-1"]
[WhiteElo "1625"]
[BlackElo "1927"]
[PlyCount "52"]
[EventDate "2003.12.??"]
[EventType "swiss"]
[EventRounds "11"]
[EventCountry "AUS"]
[SourceTitle "EXT 2005"]
[Source "ChessBase"]
[SourceDate "2004.11.15"]
[SourceVersion "1"]
[SourceVersionDate "2004.11.15"]
[SourceQuality "1"]

1. e4 c5 2. Nf3 d6 3. d4 cxd4 4. Nxd4 e6 5. Nc3 a6 6. Bc4 b5 7. Bb3 Bb7 8. f3 Nd7 9. 0-0 Ngf6 10. Kh1 Nc5 11. Bg5 Be7 12. Qe2 0-0 13. Rad1 b4 14. e5 bxc3 15. exf6 Bxf6 16. Bc1 g6 17. Qe3 cxb2 18. Bxb2 Qc7 19. Ba3 Qa5 20. Bb2 Bg7 21. Bc3 Qc7 22. Bb4 Qb6 23. Bc3 Nxb3 24. cxb3 Rac8 25. Ba1 Rfd8 26. Nxe6 Qxe3 0-1

[Event "Adelaide University op"]
[Site "Adelaide"]
[Date "2003.07.13"]
[Round "7"]
[White "Amini, Amer"]
[Black "Guthrie, Aaron"]
[Result "0-1"]
[WhiteElo "1701"]
[BlackElo "2179"]
[PlyCount "88"]
[EventDate "2003.07.??"]
[EventType "swiss"]
[EventRounds "7"]
[EventCountry "AUS"]
[SourceTitle "EXT 2005"]
[Source "ChessBase"]
[SourceDate "2004.11.15"]
[SourceVersion "1"]
[SourceVersionDate "2004.11.15"]
[SourceQuality "1"]

1. e4 c5 2. Nf3 e6 3. d4 cxd4 4. Nxd4 a6 5. g3 d6 6. Bg2 Nf6 7. c4 Be7 8. Nc3 0-0 9. 0-0 Qc7 10. Qd3 Bd7 11. b3 Nc6 12. Bb2 Rfd8 13. Rad1 Rac8 14. Rfe1 Nxd4 15. Qxd4 b5 16. cxb5 axb5 17. Rc1 Qb8 18. a3 Bc6 19. Ne2 e5 20. Qd3 Qb7 21. Nc3 Nd7 22. Nd5 Bxd5 23. exd5 Bg5 24. Rc6 Nb8 25. Rxc8 Rxc8 26. Re2 Nd7 27. b4 Rc4 28. Qf5 Bc1 29. Qb1 Qc7 30. Be4 Bxb2 31. Qxb2 Rc1+ 32. Kg2 Qc4 33. f3 Nb6 34. Qd2 Rc3 35. Qa2 Rxa3 36. Qxa3 Qxe2+ 37. Kg1 g6 38. Qa5 Nc4 39. Qxb5 Kg7 40. g4 g5 41. h3 Qe1+ 42. Kh2 Qf2+ 43. Kh1 Ne3 44. f4 gxf4 0-1

[Event "Adelaide University op"]
[Site "Adelaide"]
[Date "2003.07.12"]
[Round "4"]
[White "Guthrie, Aaron"]
[Black "Scott, Ronald"]
[Result "1-0"]
[WhiteElo "1986"]
[BlackElo "2245"]
[PlyCount "62"]
[EventDate "2003.07.??"]
[EventType "swiss"]
[EventRounds "7"]
[EventCountry "AUS"]
[SourceTitle "EXT 2005"]
[Source "ChessBase"]
[SourceDate "2004.11.15"]
[SourceVersion "1"]
[SourceVersionDate "2004.11.15"]
[SourceQuality "1"]

1. e4 e5 2. Nf3 d6 3. d4 Nf6 4. Nc3 Nbd7 5. Bc4 Be7 6. 0-0 c6 7. Kh1 0-0 8. a4 Nxe4 9. Nxe4 d5 10. Nc3 dxc4 11. dxe5 Qa5 12. Qe2 Nb6 13. Nd4 f6 14. e6 Qe5 15. Be3 Bxe6 16. f4 Qd6 17. f5 Bd5 18. Bf4 Qd7 19. Ne6 Rf7 20. a5 Nc8 21. Nc7 Rb8 22. N7xd5 Bd6 23. Ne3 Bxf4 24. Rxf4 Nd6 25. Nxc4 Re7 26. Qd3 Rd8 27. Rd4 Qe8 28. h3 Nf7 29. Rxd8 Nxd8 30. Rd1 Nf7 31. Nd6 Re1+ 1-0

[Event "Adelaide University op"]
[Site "Adelaide"]
[Date "2002.07.14"]
[Round "7"]
[White "Guthrie, Aaron"]
[Black "Freytag, Justin"]
[Result "0-1"]
[WhiteElo "1939"]
[BlackElo "2035"]
[PlyCount "68"]
[EventDate "2002.07.13"]
[EventType "swiss"]
[EventRounds "7"]
[EventCountry "AUS"]
[SourceTitle "EXT 2005"]
[Source "ChessBase"]
[SourceDate "2004.11.15"]
[SourceVersion "1"]
[SourceVersionDate "2004.11.15"]
[SourceQuality "1"]

1. e4 e6 2. d4 d5 3. Nc3 Nf6 4. Bg5 dxe4 5. Nxe4 Be7 6. Bxf6 gxf6 7. Nf3 b6 8. Qd2 Bb7 9. Bd3 Nd7 10. 0-0-0 c6 11. Qf4 Qb8 12. Qh6 Qc7 13. Qg7 Rf8 14. Qxh7 0-0-0 15. g3 c5 16. dxc5 f5 17. c6 Bxc6 18. Ba6+ Kb8 19. Ned2 Nc5 20. Be2 Ne4 21. Rhf1 Bd5 22. Nb3 Rc8 23. Ne1 Nc3 24. Ba6 Nxa2+ 25. Kb1 Nc3+ 26. bxc3 Bxb3 27. Bxc8 Qxc3 28. Ba6 Bf6 29. Kc1 Qa1+ 30. Kd2 Qxa6 31. Qh6 Rd8+ 32. Nd3 Bxc2 33. Kxc2 Qa2+ 34. Kc1 Rc8+ 0-1

[Event "South Australia-ch"]
[Site "Adelaide"]
[Date "2002.03.19"]
[Round "6"]
[White "Lang, Grahame"]
[Black "Guthrie, Aaron"]
[Result "0-1"]
[WhiteElo "1792"]
[BlackElo "1871"]
[PlyCount "46"]
[EventDate "2002.01.12"]
[EventType "tourn"]
[EventRounds "7"]
[EventCountry "AUS"]
[SourceTitle "EXT 2023"]
[Source "ChessBase"]
[SourceDate "2022.10.05"]
[SourceVersion "1"]
[SourceVersionDate "2022.10.05"]
[SourceQuality "1"]

1. d4 d5 2. c4 dxc4 3. e4 c5 4. d5 Nf6 5. Nc3 b5 6. e5 b4 7. Bxc4 bxc3 8. exf6 exf6 9. d6 Be6 10. Bd5 Qa5 11. Kf1 Qa6+ 12. Ne2 c2 13. Qd2 Bxd5 14. d7+ Nxd7 15. Qxd5 Rd8 16. Qe4+ Ne5 17. f4 Qd3 18. Qa4+ Nd7 19. Kf2 Bd6 20. Re1 0-0 21. Be3 Rfe8 22. Qb3 Rxe3 23. Qxd3 Rxd3 0-1

[Event "South Australia-ch"]
[Site "Adelaide"]
[Date "2002.03.05"]
[Round "4"]
[White "Freytag, Justin"]
[Black "Guthrie, Aaron"]
[Result "1-0"]
[WhiteElo "2036"]
[BlackElo "1871"]
[PlyCount "93"]
[EventDate "2002.01.12"]
[EventType "tourn"]
[EventRounds "7"]
[EventCountry "AUS"]
[SourceTitle "EXT 2023"]
[Source "ChessBase"]
[SourceDate "2022.10.05"]
[SourceVersion "1"]
[SourceVersionDate "2022.10.05"]
[SourceQuality "1"]

1. d4 d5 2. c4 dxc4 3. Nf3 Nf6 4. e3 e6 5. Bxc4 c5 6. 0-0 Nc6 7. Nc3 cxd4 8. exd4 Be7 9. Re1 0-0 10. a3 a6 11. Bf4 b5 12. Ba2 b4 13. axb4 Nxb4 14. Bb1 Bb7 15. Be5 Rc8 16. Ng5 h6 17. Nge4 Nxe4 18. Nxe4 Bxe4 19. Bxe4 Bf6 20. Qb3 Bxe5 21. dxe5 Qb6 22. g3 Rfd8 23. Red1 Rd4 24. Rxd4 Qxd4 25. Re1 a5 26. Kg2 Qd2 27. Rd1 Qe2 28. Qf3 Qxb2 29. Rd7 Rf8 30. Qf4 Nc2 31. Qd2 Qxe5 32. Bxc2 Qc5 33. h4 g6 34. Be4 Qb4 35. Qxb4 axb4 36. Rb7 Kg7 37. Rxb4 h5 38. Ra4 Kf6 39. Ra8 Rxa8 40. Bxa8 g5 41. Kf3 gxh4 42. gxh4 Ke5 43. Ke3 f5 44. Bf3 f4+ 45. Kd3 Kf5 46. Bxh5 e5 47. f3 1-0

[Event "South Australia-ch"]
[Site "Adelaide"]
[Date "2002.02.19"]
[Round "2"]
[White "Djelaj, Pasko"]
[Black "Guthrie, Aaron"]
[Result "0-1"]
[WhiteElo "1772"]
[BlackElo "1871"]
[PlyCount "66"]
[EventDate "2002.01.12"]
[EventType "tourn"]
[EventRounds "7"]
[EventCountry "AUS"]
[SourceTitle "EXT 2023"]
[Source "ChessBase"]
[SourceDate "2022.10.05"]
[SourceVersion "1"]
[SourceVersionDate "2022.10.05"]
[SourceQuality "1"]

1. d4 d5 2. Nf3 Nf6 3. c4 dxc4 4. Nc3 a6 5. a4 c5 6. d5 e6 7. e4 exd5 8. exd5 Bd6 9. Bxc4 0-0 10. 0-0 Bg4 11. Bg5 Re8 12. Qd3 Nbd7 13. Ba2 h6 14. Bh4 c4 15. Qxc4 Bxf3 16. gxf3 Ne5 17. Qe4 Ng6 18. Qc4 Rc8 19. Bxf6 Qxf6 20. Qg4 Ne5 21. Qh3 Nxf3+ 22. Kh1 Bb4 23. Ne4 Qf4 24. Ng3 Ng5 25. Qg2 Rc2 26. d6 Bxd6 27. Bd5 Rxb2 28. Bxb7 Rb8 29. Bxa6 R8b3 30. Rad1 Rf3 31. Be2 Ra3 32. Qd5 Rxe2 33. Qxd6 Qf3+ 0-1

[Event "Australian op"]
[Site "Canberra"]
[Date "2001.12.31"]
[Round "4"]
[White "Ilic, Ilija"]
[Black "Guthrie, Aaron"]
[Result "0-1"]
[WhiteElo "2021"]
[BlackElo "2179"]
[PlyCount "130"]
[EventDate "2000.12.30"]
[EventType "swiss"]
[EventRounds "11"]
[EventCountry "AUS"]
[SourceTitle "EXT 2002"]
[Source "ChessBase"]
[SourceDate "2001.11.25"]
[SourceVersion "1"]
[SourceVersionDate "2001.11.25"]
[SourceQuality "1"]

1. d4 d5 2. Nc3 Nf6 3. Bf4 e6 4. Qd2 Bb4 5. f3 c5 6. a3 Ba5 7. e3 Nh5 8. Bxb8 Rxb8 9. dxc5 Qh4+ 10. Qf2 Bxc3+ 11. bxc3 Qe7 12. e4 dxe4 13. fxe4 e5 14. Nf3 0-0 15. Bc4 Be6 16. Bxe6 Qxe6 17. 0-0 Nf6 18. Qe3 Rbc8 19. Nd2 Qc6 20. Rab1 Qxc5 21. Qxc5 Rxc5 22. c4 b6 23. Rf3 Rcc8 24. Rd3 Rfd8 25. Rbb3 Nd7 26. Rd5 Nc5 27. Re3 f6 28. Kf2 Kf7 29. g4 Ne6 30. Red3 Ke7 31. Ke3 Nf4 32. Rxd8 Rxd8 33. Rb3 Kd6 34. a4 Kc6 35. a5 Ne6 36. axb6 axb6 37. Ra3 Kb7 38. Rd3 Nd4 39. c3 Ne6 40. Rd5 Kc7 41. h4 Nf4 42. Rxd8 Kxd8 43. h5 Kd7 44. Nf3 Kd6 45. Nh4 g6 46. hxg6 hxg6 47. Nf3 g5 48. Nd2 Kc5 49. Kf3 Nd3 50. Nf1 Kxc4 51. Ne3+ Kxc3 52. Nd5+ Kd4 53. Nxb6 Ne1+ 54. Ke2 Nc2 55. Kf3 Kd3 56. Nd5 Nd4+ 57. Kg3 Kxe4 58. Nxf6+ Ke3 59. Nh5 Ke2 60. Nf6 Kd3 61. Nd7 e4 62. Nc5+ Ke3 63. Kg2 Kf4 64. Kh3 Kf3 65. Nd7 e3 0-1

[Event "The Kaf University op"]
[Site "The Kaf"]
[Date "2001.07.08"]
[Round "6.5"]
[White "Guthrie, Aaron"]
[Black "Phan Koshnitsky, Ngan"]
[Result "1/2-1/2"]
[WhiteElo "1806"]
[BlackElo "2108"]
[PlyCount "105"]
[EventDate "2001.07.??"]
[EventType "swiss"]
[EventRounds "7"]
[EventCountry "AUS"]
[SourceTitle "EXT 2004"]
[Source "ChessBase"]
[SourceDate "2003.11.25"]
[SourceVersion "1"]
[SourceVersionDate "2003.11.25"]
[SourceQuality "1"]

1. e4 c5 2. Nf3 Nc6 3. d4 cxd4 4. Nxd4 Nf6 5. Nc3 e5 6. Ndb5 d6 7. Bg5 a6 8. Na3 b5 9. Nd5 Be7 10. Bxf6 Bxf6 11. c4 Bg5 12. b4 bxc4 13. Nxc4 0-0 14. h4 Bh6 15. g4 Bf4 16. g5 Be6 17. Nxf4 exf4 18. Qxd6 Qxd6 19. Nxd6 Nxb4 20. Rc1 Nxa2 21. Rc7 Rab8 22. Bd3 Nb4 23. Bc4 Rb6 24. e5 Bxc4 25. Nxc4 Rc6 26. Rxc6 Nxc6 27. Ke2 Re8 28. Kf3 Nxe5+ 29. Nxe5 Rxe5 30. Kxf4 Rd5 31. Rb1 g6 32. Rb8+ Kg7 33. Ra8 a5 34. Kg3 Rd3+ 35. Kg2 Ra3 36. Kh2 h6 37. Kg2 hxg5 38. hxg5 Ra1 39. Kh2 a4 40. Kg2 a3 41. Kh2 a2 42. Kg2 Kh7 43. Ra7 Kg8 44. Ra8+ Kg7 45. Kh2 f5 46. gxf6+ Kxf6 47. Ra5 Ke6 48. Kg2 Kf6 49. Ra8 g5 50. Ra7 Ke5 51. Ra8 Kf4 52. Ra4+ Ke5 53. Ra8 1/2-1/2

[Event "The Kaf University op"]
[Site "The Kaf"]
[Date "2001.07.08"]
[Round "7.2"]
[White "Wastney, Scott C"]
[Black "Guthrie, Aaron"]
[Result "1/2-1/2"]
[WhiteElo "2281"]
[BlackElo "1806"]
[PlyCount "96"]
[EventDate "2001.07.??"]
[EventType "swiss"]
[EventRounds "7"]
[EventCountry "AUS"]
[SourceTitle "EXT 2004"]
[Source "ChessBase"]
[SourceDate "2003.11.25"]
[SourceVersion "1"]
[SourceVersionDate "2003.11.25"]
[SourceQuality "1"]

1. Nf3 c5 2. c4 Nf6 3. Nc3 b6 4. g3 Bb7 5. Bg2 e6 6. 0-0 Be7 7. d4 cxd4 8. Qxd4 d6 9. Rd1 a6 10. b3 Nbd7 11. Bb2 Qc7 12. Rac1 Rc8 13. h3 0-0 14. e4 Qb8 15. Kh2 Rfe8 16. Qe3 Bf8 17. Qe2 d5 18. e5 Ne4 19. Nxe4 dxe4 20. Rxd7 Bc6 21. Rdd1 exf3 22. Bxf3 Bxf3 23. Qxf3 Red8 24. Rxd8 Rxd8 25. Rd1 g6 26. Qe2 Bg7 27. f4 h5 28. Rd3 Bh6 29. h4 Bf8 30. Qd1 Rxd3 31. Qxd3 b5 32. Bd4 bxc4 33. Qxc4 Qa8 34. Qe2 Qb7 35. Bf2 Qc6 36. Qd2 Qf3 37. Qe3 Qd1 38. Kg2 Qc2 39. a4 Bb4 40. Kf3 Qc6+ 41. Qe4 Qc3+ 42. Kg2 Qxb3 43. Qa8+ Kg7 44. Qxa6 Qd5+ 45. Kh2 Qa2 46. Qa7 Be1 47. Kg2 Bxf2 48. Qxf2 Qxa4 1/2-1/2

[Event "The Kaf University op"]
[Site "The Kaf"]
[Date "2001.07.07"]
[Round "4.4"]
[White "Zaric, Srboljub"]
[Black "Guthrie, Aaron"]
[Result "1/2-1/2"]
[WhiteElo "2174"]
[BlackElo "1806"]
[PlyCount "114"]
[EventDate "2001.07.??"]
[EventType "swiss"]
[EventRounds "7"]
[EventCountry "AUS"]
[SourceTitle "EXT 2004"]
[Source "ChessBase"]
[SourceDate "2003.11.25"]
[SourceVersion "1"]
[SourceVersionDate "2003.11.25"]
[SourceQuality "1"]

1. e4 c5 2. Nf3 e6 3. d4 cxd4 4. Nxd4 a6 5. Bd3 Bc5 6. Nb3 Be7 7. 0-0 d6 8. Be3 Qc7 9. N1d2 Nd7 10. f4 b6 11. c3 Bb7 12. Qe2 Ngf6 13. Kh1 0-0 14. Bg1 Rfe8 15. Nd4 Nc5 16. Bc2 d5 17. e5 Nfe4 18. N2f3 a5 19. Nb5 Qd7 20. a4 f5 21. Bd4 Bc6 22. Rfd1 Bxb5 23. axb5 Qb7 24. Be3 a4 25. Bd4 Nb3 26. Bxb3 axb3 27. Nd2 Nxd2 28. Qxd2 Ra2 29. Rxa2 bxa2 30. Ra1 Ra8 31. Qf2 Qd7 32. Bxb6 Qxb5 33. b4 Qc4 34. Bd4 Qb3 35. h3 Qb1+ 36. Qg1 Qxg1+ 37. Kxg1 g5 38. g3 gxf4 39. gxf4 Bh4 40. Kf1 Bg3 41. Be3 Ra3 42. Bd2 Kf7 43. Ke2 Ke7 44. Kd3 Kd7 45. Kc2 Kc6 46. Kb2 Ra8 47. Rxa2 Rxa2+ 48. Kxa2 Kb5 49. Kb3 Bf2 50. Bc1 Bg3 51. Be3 Be1 52. Bc1 Bf2 53. Bd2 Bg3 54. Kc2 Kc4 55. Be3 Be1 56. Bd2 Bg3 57. Bc1 Bf2 1/2-1/2